Luật đất đai

Luật này quy định về quyền hạn và trách nhiệm của Nhà nước đại diện chủ sở hữu toàn dân về đất đai và thống nhất quản lý về đất đai, chế độ quản lý và sử dụng đất đai, quyền và nghĩa vụ của người sử dụng đất....

詳細記述

保存先:
書誌詳細
団体著者: Việt Nam (Cộng hoà Xã hội chủ nghĩa)
フォーマット: 図書
言語:Undetermined
出版事項: Hà Nội Chính trị Quốc gia 2003
主題:
タグ: タグ追加
タグなし, このレコードへの初めてのタグを付けませんか!
Thư viện lưu trữ: Trung tâm Học liệu Trường Đại học Cần Thơ
LEADER 01017nam a2200217Ia 4500
001 CTU_60525
008 210402s9999 xx 000 0 und d
020 |c 12500 
082 |a 346.597043 
082 |b V308/2003 
110 |a Việt Nam (Cộng hoà Xã hội chủ nghĩa) 
245 0 |a Luật đất đai 
245 0 |c Việt Nam (Cộng hoà Xã hội chủ nghĩa). Quốc hội 
260 |a Hà Nội 
260 |b Chính trị Quốc gia 
260 |c 2003 
520 |a Luật này quy định về quyền hạn và trách nhiệm của Nhà nước đại diện chủ sở hữu toàn dân về đất đai và thống nhất quản lý về đất đai, chế độ quản lý và sử dụng đất đai, quyền và nghĩa vụ của người sử dụng đất. 
650 |a Land use 
650 |x Law and legislation 
904 |i Minh,Hải 
980 |a Trung tâm Học liệu Trường Đại học Cần Thơ